书目信息 |
| 题名: |
社区健身路径锻炼一点通
|
|
| 作者: | 李相如 , 靳继成 著 | |
| 分册: | ||
| 出版信息: | 北京 金盾出版社 2013 |
|
| 页数: | 110页 | |
| 开本: | 21cm | |
| 丛书名: | 社区健身指导丛书 | |
| 单 册: | ||
| 中图分类: | G818.3 , G818 | |
| 科图分类: | ||
| 主题词: | 社区--体育器材--健身运动--基本知识 | |
| 电子资源: | ||
| ISBN: | 978-7-5082-8708-9 | |
| 000 | 01088nam 2200265 450 | |
| 001 | 2355936811 | |
| 005 | 20231210153233.67 | |
| 010 | @a978-7-5082-8708-9@dCNY10.00 | |
| 100 | @a20201027d2013 em y0chiy50 ea | |
| 101 | 0 | @achi |
| 102 | @aCN@b110000 | |
| 105 | @aak z 000yy | |
| 200 | 1 | @a社区健身路径锻炼一点通@Ashe qu jian shen lu jing duan lian yi dian tong@f李相如, 靳继成著 |
| 210 | @a北京@c金盾出版社@d2013 | |
| 215 | @a110页@c图@d21cm | |
| 225 | 2 | @a社区健身指导丛书@Ashe qu jian shen zhi dao cong shu |
| 330 | @a本书以图文并茂的形式, 介绍了社区健身路径的锻炼常识和方法, 包括健身问答篇、安全提示篇、基本方法篇、增强体质篇、疾病预防与康复篇等。书中针对社区不同的人群 (老中青妇幼), 讲解了路径器械的主要功能、锻炼方法、健身效果及安全注意事项, 对提高社区居民科学健身、增强体质可起到事半功倍的效果。 | |
| 410 | 0 | @12001 @a社区健身指导丛书 |
| 606 | 0 | @a社区@x体育器材@x健身运动@x基本知识 |
| 690 | @aG818.3@v5 | |
| 690 | @aG818@v4 | |
| 701 | 0 | @a李相如@Ali xiang ru@4著 |
| 701 | 0 | @a靳继成@Ajin ji cheng@4著 |
| 801 | 0 | @aCN@b湖北三新@c20201027 |
| 905 | @aZUCC@dG818@e68 | |
| 社区健身路径锻炼一点通/李相如, 靳继成著.-北京:金盾出版社,2013 |
| 110页:图;21cm.-(社区健身指导丛书) |
| ISBN 978-7-5082-8708-9:CNY10.00 |
| 本书以图文并茂的形式, 介绍了社区健身路径的锻炼常识和方法, 包括健身问答篇、安全提示篇、基本方法篇、增强体质篇、疾病预防与康复篇等。书中针对社区不同的人群 (老中青妇幼), 讲解了路径器械的主要功能、锻炼方法、健身效果及安全注意事项, 对提高社区居民科学健身、增强体质可起到事半功倍的效果。 |
| ● |
| 相关链接 |
|
|
|
正题名:社区健身路径锻炼一点通
索取号:G818/68
 
预约/预借
| 序号 | 登录号 | 条形码 | 馆藏地/架位号 | 状态 | 备注 |
| 1 | 2001419957 | 2001419957 | 315书库/ [索取号:G818/68] | 在馆 | |
| 2 | 2001419958 | 2001419958 | 315书库/ [索取号:G818/68] | 在馆 | |
| 3 | 2001419959 | 2001419959 | 315书库/ [索取号:G818/68] | 在馆 | |
| 4 | 2001419960 | 2001419960 | 315书库/ [索取号:G818/68] | 在馆 | |
| 5 | 2001419961 | 2001419961 | 315书库/ [索取号:G818/68] | 在馆 | |
| 6 | 2001419962 | 2001419962 | 315书库/ [索取号:G818/68] | 在馆 | |
| 7 | 2001419963 | 2001419963 | 510书库/ [索取号:G818/68] | 在馆 | |
| 8 | 2001419964 | 2001419964 | 510书库/ [索取号:G818/68] | 在馆 | |
| 9 | 2001419965 | 2001419965 | 510书库/ [索取号:G818/68] | 在馆 | |
| 10 | 2001419966 | 2001419966 | 510书库/ [索取号:G818/68] | 在馆 | |
| 11 | 2001419967 | 2001419967 | 510书库/ [索取号:G818/68] | 在馆 | |
| 12 | 2001420977 | 2001420977 | 617书库/ [索取号:G818/68] | 在馆 | |
| 13 | 2001420978 | 2001420978 | 617书库/ [索取号:G818/68] | 在馆 | |
| 14 | 2001420979 | 2001420979 | 617书库/ [索取号:G818/68] | 在馆 | |
| 15 | 2001420980 | 2001420980 | 617书库/ [索取号:G818/68] | 在馆 | |
| 16 | 2001420981 | 2001420981 | 617书库/ [索取号:G818/68] | 在馆 | |
| 17 | 2001420982 | 2001420982 | 617书库/ [索取号:G818/68] | 在馆 | |
| 18 | 2001420983 | 2001420983 | 617书库/ [索取号:G818/68] | 在馆 | |
| 19 | 2001420984 | 2001420984 | 617书库/ [索取号:G818/68] | 在馆 | |
| 20 | 2001420985 | 2001420985 | 617书库/ [索取号:G818/68] | 在馆 | |
| 21 | 2001420986 | 2001420986 | 617书库/ [索取号:G818/68] | 在馆 | |
| 22 | 2001420987 | 2001420987 | 617书库/ [索取号:G818/68] | 在馆 | |
| 23 | 2001420988 | 2001420988 | 617书库/ [索取号:G818/68] | 在馆 | |
| 24 | 2001420989 | 2001420989 | 617书库/ [索取号:G818/68] | 在馆 | |
| 25 | 2001420990 | 2001420990 | 617书库/ [索取号:G818/68] | 在馆 | |
| 26 | 2001420991 | 2001420991 | 617书库/ [索取号:G818/68] | 在馆 | |
| 27 | 2001420992 | 2001420992 | 617书库/ [索取号:G818/68] | 在馆 | |
| 28 | 2001420993 | 2001420993 | 617书库/ [索取号:G818/68] | 在馆 | |
| 29 | 2001420994 | 2001420994 | 617书库/ [索取号:G818/68] | 在馆 | |
| 30 | 2001420995 | 2001420995 | 617书库/ [索取号:G818/68] | 在馆 |